Statistiques concernant Pays les plus proches de Brasília - une minute sprint

Cliquez ici pour prendre le quiz!

Statistiques générales

  • Ce quiz a été pris 11 fois
  • Le résultat moyen est 14 sur 20

Statistiques - réponses

km pays % Correct
2156Suriname
100%
1835Uruguay
100%
2737Colombie
100%
1259Argentine
90%
3426Équateur
90%
2629Venezuela
90%
2272Pérou
90%
1106Paraguay
90%
2159Chili
90%
1054Bolivie
80%
2190Guyana
80%
3585Sainte-Lucie
70%
3486Saint-Vincent-et-
les-Grenadines
60%
3229Trinité-et-Tobago
60%
2077France (Guyane)
60%
3457Barbade
50%
3448Grenade
40%
3755Dominique
30%
3955Antigua-et-Barbuda
20%
3824Pays-Bas (Bonaire)
0%

Distribution des résultats

Percentile by Number Answered

% des personnes avec chaque résultat

Votre développement - résultats

Vous n’avez pas pris ce quiz